Billions of entrepreneurs : How China and India are reshaping treir futures--and yours

Billions of Entrepreneurs is an elegantly written book that mixes on-the-ground stories with thorough research to show how Chinese and Indian entrepreneurs are creating change through new business models, and bringing hope to countless people across the globe.

Spremljeno u:
Bibliografski detalji
Glavni autor: Khanna, Tarun
Format: Knjiga
Jezik:Undetermined
Izdano: Boston Harvard Business 2011
Teme:
Oznake: Dodaj oznaku
Bez oznaka, Budi prvi tko označuje ovaj zapis!
Thư viện lưu trữ: Trung tâm Học liệu Trường Đại học Cần Thơ
LEADER 00986nam a2200229Ia 4500
001 CTU_209775
008 210402s9999 xx 000 0 und d
020 |c 29.95 
082 |a 330.951 
082 |b K45 
100 |a Khanna, Tarun 
245 0 |a Billions of entrepreneurs : 
245 0 |b How China and India are reshaping treir futures--and yours 
245 0 |c Tarun Khanna 
260 |a Boston 
260 |b Harvard Business 
260 |c 2011 
520 |a Billions of Entrepreneurs is an elegantly written book that mixes on-the-ground stories with thorough research to show how Chinese and Indian entrepreneurs are creating change through new business models, and bringing hope to countless people across the globe. 
650 |a China,India,Ấn độ,Trung Quốc 
650 |x Commerce,Economic policy.,Chính sách kinh tế,Thương mại 
904 |i Trần Thị Hồng Ngọc (Tuyến) 
980 |a Trung tâm Học liệu Trường Đại học Cần Thơ